00209nam a22000857a 4500008004100000020001500041041000800056080001100064245004800075160512b xxu||||| |||| 00| 0 eng d a0071093680 aeng a612.39 aContemporary nutrition:cGordon M. Wardlaw;